Statistics for Most Government Debt Per Person 2014

Click here to take the quiz!

General Stats

  • This quiz has been taken 37 times
  • The average score is 16 of 20

Answer Stats

HintAnswer% Correct
58,604United States
100%
38,938United Kingdom
94%
$ 99,725Japan
91%
42,397France
88%
38,444Greece
88%
30,031Spain
88%
46,757Italy
85%
26,770Portugal
85%
47,749Belgium
82%
45,454Canada
82%
35,881Germany
82%
34,910Norway
82%
25,155Sweden
82%
28,778Denmark
79%
29,930Finland
79%
60,356Ireland
79%
37,233Netherlands
79%
38,621Austria
74%
38,639Switzerland
71%
56,980Singapore
44%

Score Distribution

Percentile by Number Answered

Percent of People with Each Score

Your Score History

You have not taken this quiz